000 00623nam a2200229 a 4500
001 53429
003 BD-RjUL
005 20211209075947.0
008 161008s2000 ii ||||| |||| 00| 0 eng d
020 _a8176482048
035 _a(BD-RjUL)
040 _aBD-RjUL
_beng
_cBD-RjUL
041 _aeng
082 _223
_a580
_bGLI 2000
245 _aGlimpses in botany /
_cEditor..K G Mukerji; B P Chamola; A K Sharma
260 _aNew Delhi :
_bA.|P.H Puli
300 _axii. 430 p. :
_bill, ;
_c25cm.
700 _aMukerji, K G
_9194655
700 _aChamola, B P
_9194656
700 _aSharma, A K
_9194657
942 _2ddc
_cBK
999 _c53429
_d53429